000 00375pab a2200169 454500
008 180718b2018 xxu||||| |||| 00| 0 eng d
100 _aSahay, Nandini
245 _aPromising budget for women
260 _c2018
300 _ap.34-37.
362 _aMar
650 _aWomen
650 _aBudget
650 _aGender Budget
773 _aKurukshetra
909 _a117146
999 _c117140
_d117140